banner koha

Mãe : (Registro n. 259891)

MARC details
000 -LÍDER
Campo de controle fixo 00598nam a22002537a 4500
001 - NÚMERO DE CONTROLE
Número de controle BS2023000553
003 - CÓDIGO MARC DA AGÊNCIA CATALOGADORA
Campo de controle BR-BrBNA
005 - DATA E HORA DA ÚLTIMA ATUALIZAÇÃO
Campo de controle 20231207122243.0
008 - CAMPO DE TAMANHO FIXO
Campo fixo de controle 231207b bl.||||| |||| 00| 0 por d
020 ## - ISBN - INTERNATIONAL STANDARD BOOK NUMBER
ISBN 85-00-32495-3
040 ## - FONTE DA CATALOGAÇÃO
Agência catalogadora BR-BrBNA
Idioma da catalogação por
041 ## - CÓDIGO DO IDIOMA
Código do Idioma por
072 ## - CATEGORIA DE CLASSIFICAÇÃO
Código da categoria de assunto S90
245 ## - TÍTULO PRINCIPAL
Título principal Mãe :
Subtítulo Uma homenagem /
250 ## - EDIÇÃO
Edição 6 ed.
260 ## - IMPRENTA (PUBLICAÇÃO, DISTRIBUIÇÃO, ETC.)
Lugar de publicação, distribuição, etc. Rio de Janeiro, RJ :
Nome do editor, distribuidor, etc. Ediouro,
Data de publicação, distribuição, etc 1993
300 ## - DESCRIÇÃO FÍSICA
Extensão 80 p.
650 ## - ASSUNTO
Cabeçalho tópico ou nome geográfico HOMENAGEM
650 ## - ASSUNTO
Cabeçalho tópico ou nome geográfico POESIA
856 ## - ACESSO E ENDEREÇO ELETRÔNICO
Texto do link Texto integral
909 ## - IDENTIFICAÇÃO DO CATALOGADOR
Ano e mês da catalogação (aaaamm) 202312
Identificação do catalogador Ana Lívia
942 ## - TIPO ESPECÍFICO
Tipo de material Livros
Exemplares
Status de empréstimo Fonte de classificação Status de danificação Não pode ser emprestado Localização permanente Localização atual Total Checkouts Número de chamada Código de barras Date last seen Tipo de material Perdido Data de aquisição Fonte de aquisição Qualificador de localização codificada Preço Número de inventário Preço para reposição Preço efetivo a partir de
  Classificação AGRIS     Espaço Ceres - QVT/MAPA Espaço Ceres - QVT/MAPA   S90 BS2023000553 2023-437141 07/12/2023 Livros                

BINAGRI

Telefone: (61)3218-2567/2388/3357/2097 - binagri@agro.gov.br

Ministério da Agricultura e Pecuária , Esplanada dos Ministérios, Bloco D, Anexo B, Brasília/DF, CEP: 70.043-900